On the medieval origins of the modern state

Αποθηκεύτηκε σε:
Λεπτομέρειες βιβλιογραφικής εγγραφής
Κύριος συγγραφέας: Strayer, Joseph Reese 1904-
Μορφή: Βιβλίο
Γλώσσα:English
Δημοσίευση: Princeton : Princeton University Press, 1970.
Θέματα:
Ετικέτες: Προσθήκη ετικέτας
Δεν υπάρχουν, Καταχωρήστε ετικέτα πρώτοι!

MARC

LEADER 00000cam a2200000 i 4500
001 1/2039
008 950807s1970 nju| ||| |||| ||eng||
020 |a 0691007691  
035 |l 10014673 
040 |a GR-MY-UA  |b gre  |e aacr 
041 0 |a eng 
082 0 |a 321.11 
100 1 |a Strayer, Joseph Reese  |d 1904- 
245 1 0 |a On the medieval origins of the modern state /   |c Joseph R. Strayer.  
260 |a Princeton :   |b Princeton University Press,   |c 1970.  
300 |a vi, 114 σ. ;   |c 22 εκ.  
500 |a "Based on the Witherspoon lectures given at Princeton University in 1961." 
504 |a Περιέχει βιβλιογραφικές αναφορές.  
650 0 0 |a Middle Ages. 
651 0 |a Europe  |x Politics and government. 
767 0 8 |i Μεταφρασμένο ως:   |t Γιατί γεννήθηκε το κράτος :  
852 |a INST  |b LESVOS  |e 19950807  |h 321.11 STR  |p 005100007518  |q 005100007518  |t BK  |y 0 
909 |a Λ  |b 027692